000 00517cam a2200193ua 4500
001 803
005 20260515113228.0
008 110420n ii |||gr||||Z||||||eng
040 _cMAIN
082 _a320.513
245 1 _aModern political thought :
_bThe great issues /
_cby William Ebenstein
250 _a2nd.
260 _aNew Delhi:
_bOxford & IBH,954.
300 _a875p.:
_c40cm.
653 _aPolitical science
653 _aModern political thought
700 _aEbenstein, William.,
_eAuthor.
942 _cBK
999 _c729
_d729